000 00221nam a22001097a 4500
041 _aeng
080 _a80
100 _aRowlinson, William
245 _aOxford. 10,000 german words.
650 _aReference
999 _c279756
_d279756
942 _cBK